[Event "ICS rated blitz match"]
[Site "204.178.125.65"]
[Date "1999.09.25"]
[Round "?"]
[White "Hossa"]
[Black "vitsi"]
[Result "1-0"]
[WhiteElo "2492"]
[BlackElo "2132"]
[PlyCount "105"]
[EventDate "1999.??.??"]

1. d4 Nf6 2. a3 g6 3. c4 Bg7 4. Nc3 O-O 5. e4 d6 6. Nge2 e5 7. Bg5 Nbd7 8. b3
exd4 9. Nxd4 Nc5 10. Be2 Ne6 11. Bh4 Nxd4 12. Qxd4 Nxe4 13. Bxd8 Bxd4 14. Nxe4
Bxa1 15. Bxc7 f5 16. Nxd6 Rf6 17. Bf3 Be5 18. Bd5+ Kf8 19. c5 Be6 20. Bxb7 Re8
21. Nxe8 Bc3+ 22. Ke2 Kxe8 23. Rb1 Rf7 24. Bc6+ Bd7 25. Bxd7+ Kxd7 26. Bd6 f4
27. Kd3 Ba5 28. b4 Bc7 29. Bxc7 Kxc7 30. Re1 Rd7+ 31. Kc4 Rd2 32. Rf1 a6 33. a4
Rc2+ 34. Kb3 Re2 35. b5 axb5 36. axb5 g5 37. g4 f3 38. Kc3 Re4 39. h3 Re2 40.
Kb3 Kb7 41. Rd1 Rxf2 42. Rd7+ Kc8 43. Rxh7 Re2 44. Rf7 f2 45. b6 Re3+ 46. Kc4
Re4+ 47. Kd3 Re5 48. c6 Rd5+ 49. Kc4 Rd8 50. b7+ Kb8 51. c7+ Kxb7 52. cxd8=Q+
Kc6 53. Qf6# {vitsi checkmated} 1-0

[Event "ICS rated blitz match"]
[Site "204.178.125.65"]
[Date "1999.09.24"]
[Round "?"]
[White "Hossa"]
[Black "vitsi"]
[Result "1-0"]
[WhiteElo "2408"]
[BlackElo "2144"]
[PlyCount "37"]
[EventDate "1999.??.??"]

1. d4 Nf6 2. c4 g6 3. Nc3 Bg7 4. e4 d6 5. Nf3 O-O 6. Be2 e5 7. O-O Nc6 8. d5
Nd4 9. Nxd4 exd4 10. Qxd4 Ng4 11. Qd3 f5 12. Bxg4 fxg4 13. Be3 Qh4 14. Bd4 Bh6
15. Qg3 Qh5 16. Ne2 Bd7 17. Qc3 Rae8 18. Bf6 Rxe4 19. Ng3 {vitsi resigns} 1-0

[Event "ICS rated blitz match"]
[Site "204.178.125.65"]
[Date "1999.09.25"]
[Round "?"]
[White "Hossa"]
[Black "vitsi"]
[Result "0-1"]
[WhiteElo "2507"]
[BlackElo "2213"]
[PlyCount "118"]
[EventDate "1999.??.??"]

1. e4 d5 2. exd5 c6 3. dxc6 Nxc6 4. Bc4 e5 5. Ne2 Nf6 6. O-O Bc5 7. Nbc3 O-O 8.
d3 h6 9. Be3 Bd4 10. Qd2 Kh7 11. Na4 a6 12. Bxd4 exd4 13. Nc5 b6 14. Ne4 Ng4
15. Qf4 b5 16. Bb3 f5 17. Rae1 fxe4 18. Qxe4+ Bf5 19. Qxc6 Rc8 20. Qxa6 Rf6 21.
Qxb5 Bd7 22. Qb4 Qc7 23. Ng3 Rcf8 24. Re7 Nxf2 25. Ba4 Qf4 26. Rxg7+ Kh8 27.
Qxf8+ Rxf8 28. Bxd7 Qe3 29. Rh7+ Kxh7 30. Bf5+ Rxf5 31. h3 Qxg3 32. Re1 Nxh3+
33. Kh1 Qxe1+ 34. Kh2 Ng5 35. b4 Qg3+ 36. Kxg3 Rb5 37. a3 Nf7 38. Kf3 Nd6 39.
g4 Kg6 40. Kf4 Nb7 41. Ke4 Kg5 42. Kxd4 Kxg4 43. c3 h5 44. Kc4 Rg5 45. a4 h4
46. Kb3 h3 47. a5 Nxa5+ 48. bxa5 Rxa5 49. Kb4 Ra8 50. c4 h2 51. Kc5 h1=Q 52.
Kd6 Rc8 53. c5 Qc6+ 54. Ke5 Qxc5+ 55. Ke6 Re8+ 56. Kf7 Re5 57. d4 Qe7+ 58. Kg8
Rd5 59. Kh8 59... Rd8# {Hossa checkmated} 0-1

[Event "ICS rated blitz match"]
[Site "204.178.125.65"]
[Date "1999.09.19"]
[Round "?"]
[White "Hossa"]
[Black "vitsi"]
[Result "1-0"]
[WhiteElo "2476"]
[BlackElo "2220"]
[PlyCount "21"]
[EventDate "1999.??.??"]

1. e4 d5 2. e5 c5 3. c3 Nc6 4. d4 e6 5. Ne2 Qb6 6. f4 Nh6 7. a4 a5 8. Na3 cxd4
9. cxd4 Bxa3 10. Rxa3 Nxd4 11. Nxd4 {vitsi resigns} 1-0

[Event "ICS rated blitz match"]
[Site "204.178.125.65"]
[Date "1999.09.25"]
[Round "?"]
[White "Hossa"]
[Black "vitsi"]
[Result "1-0"]
[WhiteElo "2444"]
[BlackElo "2279"]
[PlyCount "64"]
[EventDate "1999.??.??"]

1. e4 d5 2. exd5 c6 3. dxc6 Nxc6 4. Bc4 Nf6 5. Ne2 e5 6. O-O Bc5 7. Nbc3 O-O 8.
d3 h6 9. Be3 Bd4 10. Qd2 Kh8 11. Bxh6 gxh6 12. Qxh6+ Nh7 13. Nxd4 Nxd4 14. Rac1
Qf6 15. Qe3 Be6 16. Bxe6 Qxe6 17. f4 f6 18. fxe5 Qxe5 19. Qf2 Rg8 20. Kh1 Rad8
21. Rfe1 Qh5 22. Re3 Nf5 23. Rh3 Qg6 24. Rd1 Rde8 25. Rg1 Rg7 26. Rf3 Nd6 27.
Qxa7 Ng5 28. Rff1 Nf5 29. Qf2 Ne3 30. Re1 Nf5 31. Rxe8+ Qxe8 32. Qxf5 32... Qg6
{vitsi resigns} 1-0

[Event "ICS rated blitz match"]
[Site "204.178.125.65"]
[Date "1999.09.25"]
[Round "?"]
[White "Hossa"]
[Black "vitsi"]
[Result "1-0"]
[WhiteElo "2496"]
[BlackElo "2224"]
[PlyCount "67"]
[EventDate "1999.??.??"]

1. e4 c5 2. Nf3 d6 3. d4 cxd4 4. Nxd4 Nf6 5. Nc3 a6 6. Bg5 e6 7. f4 Be7 8. Qf3
Qc7 9. O-O-O Nbd7 10. Qg3 b5 11. f5 Nc5 12. Bxf6 gxf6 13. Qg7 Rf8 14. fxe6 Bxe6
15. Qxh7 O-O-O 16. Nd5 Qb7 17. Nc6 Bxd5 18. exd5 Rde8 19. Bd3 Nxd3+ 20. Qxd3
Bd8 21. Qf5+ Kc7 22. Rd3 Re5 23. Qf2 Rfe8 24. Rc3 Kd7 25. Nxe5+ dxe5 26. Qf5+
Ke7 27. Rd1 Bc7 28. Rxc7+ Qxc7 29. d6+ Qxd6 30. Rxd6 Kxd6 31. Qxf6+ Re6 32.
Qxf7 e4 33. Kd2 e3+ 34. Ke2 {vitsi resigns} 1-0

[Event "ICS rated blitz match"]
[Site "204.178.125.65"]
[Date "1999.08.31"]
[Round "?"]
[White "Hossa"]
[Black "vitsi"]
[Result "1-0"]
[WhiteElo "2528"]
[BlackElo "2283"]
[PlyCount "77"]
[EventDate "1999.??.??"]

1. d4 Nf6 2. c4 g6 3. Nc3 Bg7 4. e4 d6 5. f3 O-O 6. Kf2 e5 7. Nge2 exd4 8. Nxd4
Nc6 9. Nxc6 bxc6 10. c5 d5 11. Be2 Qe7 12. exd5 cxd5 13. Nxd5 Nxd5 14. Qxd5 Re8
15. Qe4 Qxc5+ 16. Be3 Rxe4 17. Bxc5 Re6 18. Rab1 Ba6 19. Bxa6 Rxa6 20. a3 Rc6
21. b4 a5 22. Rhe1 axb4 23. axb4 Bc3 24. Re4 Rb8 25. Rd1 Kg7 26. Rc1 Rxc5 27.
bxc5 Bf6 28. Kg3 Rd8 29. Rb1 Rd7 30. Rb7 h5 31. c6 h4+ 32. Kh3 Rd5 33. Rxc7 Rg5
34. Rd7 Rc5 35. c7 g5 36. Re8 Rc3 37. c8=Q g4+ 38. Kxg4 Rc5 39. Rg8+ {
vitsi resigns} 1-0

[Event "ICS rated blitz match"]
[Site "204.178.125.65"]
[Date "1999.09.24"]
[Round "?"]
[White "Hossa"]
[Black "vitsi"]
[Result "1-0"]
[WhiteElo "2461"]
[BlackElo "2262"]
[PlyCount "63"]
[EventDate "1999.??.??"]

1. e4 d5 2. exd5 c6 3. dxc6 Nxc6 4. Bc4 Nf6 5. Ne2 e5 6. O-O Bc5 7. Nbc3 O-O 8.
d3 h6 9. Be3 Bd4 10. Qd2 a6 11. Rfe1 b5 12. Bb3 Bb7 13. Rab1 Kh8 14. Bxh6 Bxf2+
15. Kxf2 Ng4+ 16. Kg3 Nxh6 17. Rf1 f5 18. Kh3 f4 19. g4 Bc8 20. Kg2 Bxg4 21.
Kh1 Bf5 22. Rbe1 Qh4 23. Bd5 Rac8 24. Ng1 Rfe8 25. Bxc6 Rxc6 26. Rxf4 Qxf4 27.
Qxf4 exf4 28. Rxe8+ Kh7 29. Nf3 b4 30. Nd5 Rxc2 31. Nxf4 Rxb2 32. Ng5# {
vitsi checkmated} 1-0

[Event "ICS rated blitz match"]
[Site "204.178.125.65"]
[Date "1999.09.27"]
[Round "?"]
[White "Hossa"]
[Black "vitsi"]
[Result "0-1"]
[WhiteElo "2455"]
[BlackElo "2200"]
[PlyCount "47"]
[EventDate "1999.??.??"]

1. e4 d5 2. exd5 c6 3. dxc6 Nxc6 4. Nf3 e5 5. Bb5 Bd6 6. Qe2 Nge7 7. Nxe5 O-O
8. Nxc6 Nxc6 9. Bxc6 bxc6 10. O-O Qh4 11. g3 Qh3 12. Re1 Bg4 13. Qe4 Rae8 14.
f4 Rxe4 15. Rxe4 Bf3 16. Kf2 Qg2+ 17. Ke3 Qe2+ 18. Kd4 Qxe4+ 19. Kc3 Qb4+ 20.
Kd3 Re8 21. c4 Be2+ 22. Kc2 Qxc4+ 23. Nc3 Bd3+ 24. Kd1 {Hossa resigns} 0-1

[Event "ICS rated blitz match"]
[Site "204.178.125.65"]
[Date "1999.09.19"]
[Round "?"]
[White "Hossa"]
[Black "vitsi"]
[Result "1-0"]
[WhiteElo "2594"]
[BlackElo "2208"]
[PlyCount "57"]
[EventDate "1999.??.??"]

1. d4 Nf6 2. c4 g6 3. Nc3 Bg7 4. e4 d6 5. Nf3 O-O 6. Be2 e5 7. O-O Nc6 8. d5
Nd4 9. Nxd4 exd4 10. Qxd4 Ng4 11. Qd3 f5 12. Bxg4 fxg4 13. Be3 Qh4 14. Bd4 Bh6
15. Qg3 Qe7 16. f4 gxf3 17. Rxf3 Rxf3 18. Qxf3 Bd7 19. Bf6 Qf7 20. Rf1 Rf8 21.
b3 Qe8 22. Qg3 Bd2 23. Qd3 Bh6 24. Qd4 a6 25. c5 Bb5 26. Rf2 dxc5 27. Qxc5 Bd3
28. d6 cxd6 29. Qd5+ {vitsi resigns} 1-0

[Event "ICS rated blitz match"]
[Site "204.178.125.65"]
[Date "1999.09.17"]
[Round "?"]
[White "Hossa"]
[Black "vitsi"]
[Result "1-0"]
[WhiteElo "2453"]
[BlackElo "2197"]
[PlyCount "105"]
[EventDate "1999.??.??"]

1. e4 d5 2. exd5 c6 3. dxc6 Nxc6 4. Bc4 e5 5. Ne2 Bd6 6. O-O Nf6 7. Nbc3 O-O 8.
d3 h6 9. f4 exf4 10. Bxf4 Bxf4 11. Rxf4 Qb6+ 12. d4 Qxb2 13. Rb1 Qa3 14. Nd5
Nxd5 15. Bxd5 Qd6 16. c4 b6 17. Qd3 Bb7 18. Qf5 Ne7 19. Bxf7+ Kh8 20. Qe6 Qxe6
21. Bxe6 Ng6 22. Rxf8+ Nxf8 23. Bd5 Bxd5 24. cxd5 Rd8 25. Nc3 Nd7 26. Rf1 Nf6
27. Rf5 a6 28. h4 Kh7 29. a3 b5 30. h5 Kg8 31. Kf2 Rc8 32. Ne2 Rc2 33. Ke1 Kf7
34. Kd1 Ra2 35. Rf3 Ke7 36. Re3+ Kd7 37. Nf4 a5 38. Rb3 Ne4 39. Ke1 Nd6 40. Rg3
Nf5 41. Rd3 b4 42. axb4 axb4 43. g4 Nd6 44. Rb3 Rf2 45. Kxf2 Ne4+ 46. Kg2 Nd2
47. Rxb4 Ne4 48. Rb7+ Kd6 49. Rxg7 Nf6 50. Kf3 Nxd5 51. Rg6+ Kd7 52. Nxd5 Kc8
53. Ke4 {vitsi resigns} 1-0

[Event "ICS rated blitz match"]
[Site "204.178.125.65"]
[Date "1999.09.03"]
[Round "?"]
[White "Hossa"]
[Black "wimpy"]
[Result "1-0"]
[WhiteElo "2558"]
[BlackElo "2045"]
[PlyCount "51"]
[EventDate "1999.??.??"]

1. e4 c5 2. Nf3 d6 3. d4 cxd4 4. Qxd4 Nf6 5. Nc3 Nc6 6. Qd1 Bg4 7. Be2 g6 8.
Ng5 Bxe2 9. Qxe2 Bg7 10. O-O O-O 11. Rd1 Rc8 12. Rb1 Qa5 13. Be3 Rfd8 14. f4 d5
15. e5 d4 16. b4 Qa3 17. Rb3 Qxb3 18. axb3 Ne8 19. b5 Nxe5 20. Bxd4 Rxd4 21.
Rxd4 Ng4 22. Rd3 h5 23. Nd5 Rc5 24. Nxe7+ Kh8 25. Nxg6+ fxg6 26. Qxe8+ {
wimpy resigns} 1-0

[Event "ICS rated blitz match"]
[Site "204.178.125.65"]
[Date "1999.09.01"]
[Round "?"]
[White "Hossa"]
[Black "wimpy"]
[Result "1-0"]
[WhiteElo "2467"]
[BlackElo "2059"]
[PlyCount "55"]
[EventDate "1999.??.??"]

1. e4 c5 2. Nf3 d6 3. d4 cxd4 4. Nxd4 Nf6 5. Nc3 g6 6. Bd3 Bg7 7. O-O O-O 8.
Bg5 Nc6 9. Nxc6 bxc6 10. Qd2 Rb8 11. Rab1 Be6 12. Bh6 Bxh6 13. Qxh6 Qa5 14. Be2
Bxa2 15. b4 Qa3 16. Nxa2 Qxa2 17. Bd3 a5 18. Ra1 Qe6 19. bxa5 Nxe4 20. Rae1 f5
21. f3 Qd5 22. fxe4 fxe4 23. Rxe4 Rxf1+ 24. Kxf1 Rb1+ 25. Kf2 Qxa5 26. Rxe7
Qc5+ 27. Kg3 Qe5+ 28. Rxe5 {wimpy resigns} 1-0

[Event "ICS rated blitz match"]
[Site "204.178.125.65"]
[Date "1999.09.02"]
[Round "?"]
[White "Hossa"]
[Black "wimpy"]
[Result "1-0"]
[WhiteElo "2491"]
[BlackElo "2059"]
[PlyCount "155"]
[EventDate "1999.??.??"]

1. d4 Nf6 2. c4 e5 3. dxe5 Ng4 4. Bf4 Nc6 5. Nf3 Bb4+ 6. Nbd2 Qe7 7. a3 Bxd2+
8. Nxd2 Ngxe5 9. e4 d6 10. Be2 O-O 11. Be3 f5 12. exf5 Bxf5 13. O-O Rae8 14.
Re1 Qf7 15. Qb3 b6 16. Qb5 a6 17. Qxa6 Bd3 18. Qb5 Bxe2 19. Rxe2 Kh8 20. Rae1
Nd3 21. Qxc6 Nxe1 22. Qd5 Qxd5 23. cxd5 Nc2 24. Nf1 Nd4 25. Rd2 Nf5 26. Rc2
Nxe3 27. Nxe3 Rf7 28. a4 g6 29. b3 Kg7 30. Rc6 Re4 31. h3 Rb4 32. Rc3 Rd4 33.
Kf1 Rd2 34. f4 Rxf4+ 35. Ke1 Rff2 36. Rxc7+ Kf8 37. Nc4 Rde2+ 38. Kd1 Ra2 39.
Ne3 Ra1+ 40. Rc1 Rxc1+ 41. Kxc1 Re2 42. Nc4 Rxg2 43. Nxd6 Ke7 44. Nc8+ Kd7 45.
Nxb6+ Kc7 46. Nc4 Ra2 47. Nd2 Kd6 48. Ne4+ Ke5 49. d6 Ra1+ 50. Kc2 Rf1 51. d7
Rf8 52. Ng5 Kd6 53. d8=Q+ Rxd8 54. Nf7+ Ke7 55. Nxd8 Kxd8 56. b4 g5 57. Kd3 h5
58. b5 Kc7 59. a5 Kb7 60. b6 Ka6 61. Ke4 Kb7 62. Kf5 g4 63. hxg4 h4 64. a6+
Kxa6 65. Kf4 Kb7 66. g5 Kxb6 67. g6 h3 68. Kg3 h2 69. Kxh2 Kc5 70. g7 Kd5 71.
g8=Q+ Kc5 72. Qe8 Kd4 73. Qb5 Ke4 74. Kg3 Kd4 75. Kf4 Kc3 76. Ke3 Kc2 77. Qb4
Kd1 78. Qb1# {wimpy checkmated} 1-0

[Event "ICS rated blitz match"]
[Site "204.178.125.65"]
[Date "1999.08.27"]
[Round "?"]
[White "Hossa"]
[Black "wimpy"]
[Result "1-0"]
[WhiteElo "2395"]
[BlackElo "2093"]
[PlyCount "59"]
[EventDate "1999.??.??"]

1. e4 c5 2. Bc4 Nc6 3. d3 d6 4. Ne2 Nf6 5. Nbc3 g6 6. f3 Bg7 7. O-O O-O 8. Bg5
a6 9. Qc1 b5 10. Bxf6 Bxf6 11. Bd5 Bb7 12. a3 Rb8 13. Bxc6 Bxc6 14. Qe3 Bg7 15.
Rfb1 e6 16. b4 Qh4 17. bxc5 dxc5 18. Qxc5 Rbc8 19. Qa7 f5 20. Qxa6 fxe4 21.
dxe4 Bxe4 22. Nxe4 Bxa1 23. Qxe6+ Kh8 24. Rxa1 Rxc2 25. Qe5+ Kg8 26. Qxb5 Rfc8
27. Rd1 Kg7 28. Qe5+ Kh6 29. g4 Rxe2 30. g5+ {wimpy resigns} 1-0

[Event "ICS rated blitz match"]
[Site "204.178.125.65"]
[Date "1999.09.21"]
[Round "?"]
[White "Hossa"]
[Black "wvullhorst"]
[Result "0-1"]
[WhiteElo "2169"]
[BlackElo "1871"]
[PlyCount "73"]
[EventDate "1999.??.??"]

1. e4 e6 2. d4 d5 3. Nc3 Nf6 4. Bg5 Bb4 5. Bxf6 gxf6 6. exd5 Qxd5 7. a3 Bxc3+
8. bxc3 c5 9. Qg4 cxd4 10. Qxd4 Qxd4 11. cxd4 Nc6 12. c3 O-O 13. Bd3 Bd7 14.
Rb1 b6 15. f4 Ne7 16. Ne2 Bc6 17. Kf2 Rac8 18. Rhe1 Bb7 19. Rb3 Ng6 20. Rb4 Rc7
21. g3 Rfc8 22. a4 Ne7 23. a5 bxa5 24. Ra4 Nd5 25. Rxa5 Nxc3 26. Nxc3 Rxc3 27.
Bf5 exf5 28. Rxa7 Be4 29. Kg1 Rc2 30. Kf1 Rxh2 31. Re7 Rcc2 32. Re2 Rcxe2 33.
Re8+ Kg7 34. Rxe4 fxe4 35. d5 Ra2 36. Kg1 Rhb2 37. d6 {Hossa resigns} 0-1

[Event "ICS rated blitz match"]
[Site "204.178.125.65"]
[Date "1999.09.15"]
[Round "?"]
[White "Hossa"]
[Black "yoyoma"]
[Result "1-0"]
[WhiteElo "2423"]
[BlackElo "2547"]
[PlyCount "37"]
[EventDate "1999.??.??"]

1. e4 d5 2. exd5 Kd7 3. Bc4 Ke8 4. Ne2 Nf6 5. Nbc3 a6 6. Nf4 g5 7. Nh5 Qd6 8.
Nxf6+ Qxf6 9. d3 g4 10. O-O h5 11. Ne4 Qg7 12. Bf4 Nd7 13. Bxc7 Ne5 14. c3 h4
15. Nc5 g3 16. Qa4+ Nd7 17. Bb5 axb5 18. Qxa8 Nxc5 19. Qxc8# {yoyoma checkmated
} 1-0

[Event "ICS rated blitz match"]
[Site "204.178.125.65"]
[Date "1999.09.04"]
[Round "?"]
[White "Hossa"]
[Black "zooparis"]
[Result "1-0"]
[WhiteElo "2450"]
[BlackElo "2073"]
[PlyCount "46"]
[EventDate "1999.??.??"]

1. e4 c5 2. Ne2 Nc6 3. Nbc3 g6 4. f3 Bg7 5. d3 Nf6 6. Bg5 O-O 7. g3 Rb8 8. Bg2
b5 9. O-O b4 10. Na4 d6 11. a3 a5 12. axb4 axb4 13. Qd2 Bb7 14. Bh6 e5 15. Bxg7
Kxg7 16. f4 Nd7 17. fxe5 dxe5 18. Bh3 Nd4 19. Bxd7 Qxd7 20. Nxc5 Nxe2+ 21. Qxe2
Qd6 22. Qf2 Bc8 23. Ra7 23... Be6 {zooparis resigns} 1-0

[Event "ICS rated blitz match"]
[Site "204.178.125.65"]
[Date "1999.09.21"]
[Round "?"]
[White "IdahoFlash"]
[Black "Hossa"]
[Result "0-1"]
[WhiteElo "2053"]
[BlackElo "2351"]
[PlyCount "80"]
[EventDate "1999.??.??"]

1. e4 e5 2. Nf3 Nf6 3. d3 Nc6 4. g3 d5 5. Nbd2 Bc5 6. Bg2 O-O 7. O-O Be6 8. c3
Ng4 9. Nb3 Bxf2+ 10. Rxf2 Nxf2 11. Kxf2 dxe4 12. Ng5 Qxd3 13. Qxd3 exd3 14.
Nxe6 fxe6+ 15. Ke3 Rad8 16. Nc5 d2 17. Bxd2 Rxd2 18. Kxd2 Rf2+ 19. Ke3 Rxg2 20.
Nxe6 Kf7 21. Nxc7 Rxb2 22. a4 Rxh2 23. Rf1+ Ke7 24. Nd5+ Kd6 25. c4 Rg2 26. Rf7
Rxg3+ 27. Kf2 Rg4 28. Rxb7 Rxc4 29. Ne3 Rxa4 30. Rxg7 Rf4+ 31. Ke2 h5 32. Rh7
h4 33. Rxh4 Nd4+ 34. Kd3 Rxh4 35. Nc4+ Kd5 36. Ne3+ Kc5 37. Ng2 Rh2 38. Ne1 Re2
39. Nf3 e4+ 40. Kc3 40... Rc2# {IdahoFlash checkmated} 0-1

[Event "ICS rated blitz match"]
[Site "204.178.125.65"]
[Date "1999.09.24"]
[Round "?"]
[White "Ihsk"]
[Black "Hossa"]
[Result "1-0"]
[WhiteElo "2610"]
[BlackElo "2416"]
[PlyCount "125"]
[EventDate "1999.??.??"]

1. d4 Nf6 2. c4 e6 3. Nf3 b6 4. g3 Ba6 5. b3 d5 6. Bg2 dxc4 7. Ne5 Bb4+ 8. Kf1
Bc5 9. Bb2 c3 10. Nxc3 Bxd4 11. Bxa8 Bxe5 12. Qxd8+ Kxd8 13. f4 Bd6 14. Ne4
Nxe4 15. Bxe4 f6 16. Kf2 Nd7 17. Rhd1 Ke7 18. Bc6 Nb8 19. Bf3 Rd8 20. Rac1 c5
21. Rc2 Rd7 22. Rcd2 Bb5 23. Be4 h6 24. Bg6 a5 25. e4 a4 26. e5 Bc7 27. exf6+
gxf6 28. Rxd7+ Nxd7 29. Ke3 axb3 30. axb3 Bd6 31. Bh5 e5 32. Bf3 c4 33. fxe5
Bc5+ 34. Kf4 fxe5+ 35. Bxe5 Nxe5 36. Kxe5 cxb3 37. Rb1 Bd7 38. Bd5 b5 39. Rxb3
b4 40. Rf3 Be8 41. g4 Bd6+ 42. Ke4 Bg6+ 43. Kd4 Be8 44. h4 Bh2 45. g5 hxg5 46.
hxg5 Bc7 47. Rf6 Bd6 48. Kc4 Bh5 49. Rh6 Be8 50. g6 Be5 51. Rh7+ Kf8 52. Bf7
Bc3 53. Bxe8 Kxe8 54. Rf7 Be5 55. Kd5 Bc3 56. Ke6 b3 57. Rc7 Kf8 58. Rxc3 b2
59. Kf6 Ke8 60. g7 Kd7 61. g8=Q b1=Q 62. Qc8+ Kd6 63. Qd8# {Hossa checkmated}
1-0

[Event "ICS rated blitz match"]
[Site "204.178.125.65"]
[Date "1999.10.13"]
[Round "?"]
[White "IlDivino"]
[Black "Hossa"]
[Result "0-1"]
[WhiteElo "2111"]
[BlackElo "2407"]
[PlyCount "72"]
[EventDate "1999.??.??"]

1. c4 Nf6 2. Nc3 g6 3. d4 Bg7 4. e4 d6 5. Nf3 O-O 6. Be2 e5 7. O-O exd4 8. Nxd4
Nc6 9. Nxc6 bxc6 10. f3 Be6 11. Be3 Re8 12. Rc1 Rb8 13. b3 Rb7 14. Qd2 Qe7 15.
Rfd1 Qf8 16. Bg5 Nd7 17. Bf1 f5 18. exf5 Bxf5 19. Bd3 Bxd3 20. Qxd3 Ne5 21. Qc2
Nf7 22. Bh4 Bh6 23. Rb1 Ne5 24. Ne4 Bg7 25. a3 a6 26. b4 Qf4 27. Bg3 Qf5 28.
Rbc1 Bh6 29. Rb1 Be3+ 30. Kh1 Nxf3 31. gxf3 Qxf3+ 32. Qg2 Qxe4 33. Qxe4 Rxe4
34. Re1 d5 35. cxd5 cxd5 36. Bf2 36... Bxf2 {IlDivino resigns} 0-1

[Event "ICS rated blitz match"]
[Site "204.178.125.65"]
[Date "1999.09.26"]
[Round "?"]
[White "Isfen"]
[Black "Hossa"]
[Result "1-0"]
[WhiteElo "2232"]
[BlackElo "2468"]
[PlyCount "63"]
[EventDate "1999.??.??"]

1. e4 c5 2. c4 Nc6 3. Nc3 e5 4. d3 Nf6 5. Be2 Be7 6. f4 d6 7. f5 Nd4 8. Nf3 O-O
9. O-O Bd7 10. h3 Rc8 11. g4 Nxe2+ 12. Qxe2 Be8 13. Kh1 Qb6 14. b3 Bc6 15. Be3
Kh8 16. g5 Nd7 17. Nh4 Qa5 18. Rac1 f6 19. g6 h6 20. Qh5 Rfe8 21. Bxh6 Nf8 22.
Rg1 Qa3 23. Rc2 Kg8 24. Rg4 Rcd8 25. Nf3 Rc8 26. Rh4 Nxg6 27. fxg6 Bxe4 28.
dxe4 Bd8 29. Bxg7 Qc1+ 30. Rxc1 Kxg7 31. Qh7+ Kf8 32. Qf7# {Hossa checkmated}
1-0

[Event "ICS rated blitz match"]
[Site "204.178.125.65"]
[Date "1999.09.26"]
[Round "?"]
[White "Isfen"]
[Black "Hossa"]
[Result "0-1"]
[WhiteElo "2249"]
[BlackElo "2451"]
[PlyCount "72"]
[EventDate "1999.??.??"]

1. e4 c5 2. c4 g6 3. Nc3 d6 4. Be2 Bg7 5. d3 e5 6. f4 Ne7 7. Nf3 O-O 8. O-O f6
9. Be3 Nbc6 10. Qd2 Nd4 11. Rae1 Nxe2+ 12. Qxe2 Bg4 13. h3 Be6 14. Kh1 Rc8 15.
g4 Bd7 16. f5 g5 17. Rg1 Bc6 18. h4 gxh4 19. g5 h3 20. Qh2 Nxf5 21. Bc1 Nd4 22.
Nxd4 cxd4 23. Nd5 Bxd5 24. cxd5 fxg5 25. Bxg5 Qd7 26. Bh6 Rf7 27. Rg3 Kh8 28.
Bc1 Qa4 29. Rxh3 Bf8 30. Rg1 Qxa2 31. Qg3 Rg7 32. Qh2 Rxg1+ 33. Qxg1 Qb1 34.
Rf3 Bg7 35. Rf1 Qxd3 36. Rf7 36... Qh3+ {Isfen resigns} 0-1

[Event "ICS rated blitz match"]
[Site "204.178.125.65"]
[Date "1999.09.26"]
[Round "?"]
[White "Isfen"]
[Black "Hossa"]
[Result "0-1"]
[WhiteElo "2210"]
[BlackElo "2490"]
[PlyCount "120"]
[EventDate "1999.??.??"]

1. e4 c5 2. c4 Nc6 3. Nc3 e5 4. d3 Nf6 5. Be2 Be7 6. f4 d6 7. f5 Nd4 8. Nf3 O-O
9. O-O Bd7 10. h3 Rc8 11. g4 Nxe2+ 12. Qxe2 Be8 13. Be3 Rb8 14. a4 Rc8 15. b3
a6 16. Kh1 Qb6 17. Rab1 Qb4 18. Bd2 Qa5 19. g5 Nd7 20. f6 gxf6 21. gxf6 Nxf6
22. Nd5 Qd8 23. Nxe7+ Qxe7 24. Bg5 Bd7 25. Nh4 Nxe4 26. Qxe4 f6 27. Bh6 Bc6 28.
Nf5 Qe6 29. Rg1+ Kf7 30. Rg7+ Ke8 31. Re7+ Qxe7 32. Nxe7 Kxe7 33. Bxf8+ Rxf8
34. Rg1 f5 35. Qxc6 bxc6 36. Kg2 Rg8+ 37. Kf2 Rxg1 38. Kxg1 d5 39. Kf2 e4 40.
dxe4 fxe4 41. Ke3 Kf6 42. a5 Kg5 43. cxd5 cxd5 44. Kd2 Kh4 45. Kc3 Kg3 46. b4
cxb4+ 47. Kxb4 e3 48. Kc5 e2 49. Kb6 e1=Q 50. Kxa6 Qxa5+ 51. Kxa5 d4 52. Kb5 d3
53. Kc4 d2 54. Kd5 d1=Q+ 55. Ke6 Kxh3 56. Kf7 Qe1 57. Kf6 Kg4 58. Kg7 Qe7+ 59.
Kh6 Kh3 60. Kh5 60... Qh4# {Isfen checkmated} 0-1

[Event "ICS rated blitz match"]
[Site "204.178.125.65"]
[Date "1999.09.12"]
[Round "?"]
[White "Isfen"]
[Black "Hossa"]
[Result "1-0"]
[WhiteElo "2208"]
[BlackElo "2478"]
[PlyCount "46"]
[EventDate "1999.??.??"]

1. d4 Nf6 2. c4 c6 3. Nc3 d5 4. Nf3 dxc4 5. e4 b5 6. e5 Nd5 7. Ne4 Bf5 8. Ng3
Bg4 9. Be2 e6 10. O-O Be7 11. h3 Bxf3 12. Bxf3 O-O 13. Be4 Bh4 14. Qh5 g6 15.
Qh6 Re8 16. Nh5 Bf6 17. exf6 Qxf6 18. Nxf6+ Nxf6 19. Bc2 b4 20. Bf4 Nd5 21. Be5
f6 22. Bxg6 Re7 23. f4 23... fxe5 {Hossa resigns} 1-0

[Event "ICS rated blitz match"]
[Site "204.178.125.65"]
[Date "1999.09.12"]
[Round "?"]
[White "Isfen"]
[Black "Hossa"]
[Result "0-1"]
[WhiteElo "2227"]
[BlackElo "2459"]
[PlyCount "34"]
[EventDate "1999.??.??"]

1. d4 Nf6 2. c4 e6 3. Nf3 d5 4. Nc3 Bb4 5. Qc2 O-O 6. e3 c5 7. dxc5 Bxc5 8. Bd3
Bb4 9. O-O Nbd7 10. Rd1 Nc5 11. Be2 Bxc3 12. bxc3 Bd7 13. cxd5 Ba4 14. Qd2 Nfe4
15. Qe1 Bxd1 16. Bxd1 Qxd5 17. Nd4 17... Nd3 {Isfen resigns} 0-1

[Event "ICS rated blitz match"]
[Site "204.178.125.65"]
[Date "1999.10.06"]
[Round "?"]
[White "Isfen"]
[Black "Hossa"]
[Result "0-1"]
[WhiteElo "2312"]
[BlackElo "2519"]
[PlyCount "54"]
[EventDate "1999.??.??"]

1. e4 d5 2. e5 c5 3. c3 Nc6 4. d4 Bf5 5. f4 e6 6. a3 cxd4 7. cxd4 Qb6 8. Nf3
Bg4 9. Be3 Bxf3 10. gxf3 Qxb2 11. Nd2 Be7 12. Bd3 Bh4+ 13. Kf1 Nxd4 14. Rb1
Qxa3 15. Nb3 Nf5 16. Bc5 Qxc5 17. Nxc5 Ne3+ 18. Ke2 Nxd1 19. Rhxd1 b6 20. Bb5+
Ke7 21. Na6 Rc8 22. Rbc1 Nh6 23. Bc6 g5 24. Bb7 Rxc1 25. Rxc1 gxf4 26. Rc7+ Kf8
27. Nb4 27... Rg8 {Isfen resigns} 0-1

[Event "ICS rated blitz match"]
[Site "204.178.125.65"]
[Date "1999.10.16"]
[Round "?"]
[White "Isfen"]
[Black "Hossa"]
[Result "0-1"]
[WhiteElo "2333"]
[BlackElo "2461"]
[PlyCount "94"]
[EventDate "1999.??.??"]

1. e4 e5 2. d3 Nf6 3. Be2 d5 4. Nd2 Nc6 5. Ngf3 Bd6 6. O-O O-O 7. c3 Be6 8. Qc2
Qe8 9. h3 Rd8 10. Re1 Bc5 11. Nf1 dxe4 12. dxe4 Rd6 13. Ng3 a6 14. b4 Bb6 15.
a4 Rd8 16. Nh4 Rd7 17. Nhf5 a5 18. b5 Ne7 19. Bg5 Bxf5 20. exf5 Ned5 21. c4 Nb4
22. Qb3 Qe7 23. Ne4 Rfd8 24. Bxf6 gxf6 25. Qg3+ Kh8 26. Qh4 Rd4 27. Bf3 Nc2 28.
Qh6 Qf8 29. Qxf6+ Qg7 30. Qh4 Nxa1 31. Rxa1 Rd3 32. Kh2 R8d7 33. Nf6 Bxf2 34.
Qxf2 Qxf6 35. Be4 Rd2 36. Qg3 b6 37. Rf1 R7d4 38. Bd5 R2d3 39. Qf2 Rf4 40. Qe1
Rxf5 41. Rxf5 Qxf5 42. Be4 Qf4+ 43. Kh1 Re3 44. Qf1 Qxf1+ 45. Kh2 Qf4+ 46. g3
Qxg3+ 47. Kh1 47... Re1# {Isfen checkmated} 0-1

[Event "ICS rated blitz match"]
[Site "204.178.125.65"]
[Date "1999.10.06"]
[Round "?"]
[White "Isfen"]
[Black "Hossa"]
[Result "0-1"]
[WhiteElo "2298"]
[BlackElo "2533"]
[PlyCount "38"]
[EventDate "1999.??.??"]

1. d4 d5 2. e3 c5 3. c3 Nc6 4. Nf3 Bg4 5. Nbd2 Nf6 6. Be2 e6 7. O-O Bd6 8. h3
Bh5 9. Re1 O-O 10. Bd3 e5 11. dxe5 Nxe5 12. Be2 Qe7 13. Nxe5 Bxe2 14. Qxe2 Qxe5
15. Nf1 Rae8 16. Qc2 Ne4 17. c4 dxc4 18. Qxc4 Be7 19. Rb1 19... Nxf2 {
Isfen resigns} 0-1